000 00498cam a22001217a 4500
008 180718b1986 xxu||||| |||| 00| 0 eng d
082 _aL1 ZBB/1/86
245 _aFirst course on zero abse budgeting (August 18-29, 1986)
_cby Ministry of Personnel, Public Grievances and Pensions, India
260 _aNew Delhi
_bIndian Institute of Public Administration
_c1986
300 _av.p.
500 _aCourse Director: Prof. K.L. Handa
700 _aIndia. Ministry of Personnel, Public Grievances and Pensions
999 _c503564
_d503564